RIVISTA DI ASCETICA E MISTICA. N. III. ANNO XIII. LUGLIO SETTEMBRE 1988. (Record n. 321544)

Dettagli MARC
000 -LEADER
fixed length control field 01706nas a2200277Ia 4500
001 - CONTROL NUMBER
control field R248-R3445
003 - CONTROL NUMBER IDENTIFIER
control field IT-CnALBA
008 - FIXED-LENGTH DATA ELEMENTS--GENERAL INFORMATION
fixed length control field 170116c99999999xx |||||||||||| ||und||
040 ## - CATALOGING SOURCE
Original cataloging agency IT-CnALBA
Transcribing agency IT-CnALBA
041 ## - LANGUAGE CODE
Language code of text/sound track or separate title ITALIANO
999 ## - SYSTEM CONTROL NUMBERS (KOHA)
Koha Dewey Subclass [OBSOLETE] NO
100 ## - MAIN ENTRY--PERSONAL NAME
Personal name GIOVANNI PAOLO II, PAPA KAROL WOJTYLA
210 ## - ABBREVIATED TITLE
Abbreviated title RIVISTA DI ASCETICA E MISTICA
222 ## - KEY TITLE
Key title RIVISTA DI ASCETICA E MISTICA
245 #0 - TITLE STATEMENT
Title RIVISTA DI ASCETICA E MISTICA. N. III. ANNO XIII. LUGLIO SETTEMBRE 1988.
250 ## - EDITION STATEMENT
Edition statement 1a ed.
260 ## - PUBLICATION, DISTRIBUTION, ETC. (IMPRINT)
Place of publication, distribution, etc. FIRENZE
Name of publisher, distributor, etc. CONVENTO SAN MARCO
Date of publication, distribution, etc. 1988
300 ## - PHYSICAL DESCRIPTION
Extent 144 p.
310 ## - CURRENT PUBLICATION FREQUENCY
Current publication frequency TRIMESTRALE
362 ## - DATES OF PUBLICATION AND/OR SEQUENTIAL DESIGNATION
Dates of publication and/or sequential designation Fascicolo: 3 / Anno: 13 (1988)
500 ## - GENERAL NOTE
General note LAICI NELLA CHIESA. ROCCHETTA C. CERI S. DRIGANI A. URRU A. D'URSO G. MONGILLO D. TESTAMENTO SPIRITUALE DI CHAMPAGNAT MARCELLINO BEATO, NASCIMBENI GIUSEPPE BEATO. VOCAZIONE DEL LAICO. LAICI NEL MONDO. LAICI E COMPITO DELLA SALVEZZA. PARTECIPAZIONE DEI LAICI ALLA SANTIFICAZIONE DELLA CHIESA. LAICI E ORDINAMENTO GIUDIDICO DELLA CHIESA, POPOLO CELEBRANTE. TEOLOGIA DEL LAICATO. LAICI E LAICITÀ TRA ANTICO E NUOVO TESTAMENTO.
501 ## - WITH NOTE
With note Società San Paolo EM - Piazza San Paolo, 14 - 12051 ALBA (CN) (non commercial uses only) ® Copyright 2017
520 ## - SUMMARY, ETC.
Summary, etc. LAICI NELLA CHIESA. ROCCHETTA C. CERI S. DRIGANI A. URRU A. D'URSO G. MONGILLO D. TESTAMENTO SPIRITUALE DI CHAMPAGNAT MARCELLINO BEATO, NASCIMBENI GIUSEPPE BEATO. VOCAZIONE DEL LAICO. LAICI NEL MONDO. LAICI E COMPITO DELLA SALVEZZA. PARTECIPAZIONE DEI LAICI ALLA SANTIFICAZIONE DELLA CHIESA. LAICI E ORDINAMENTO GIUDIDICO DELLA CHIESA, POPOLO CELEBRANTE. TEOLOGIA DEL LAICATO. LAICI E LAICITÀ TRA ANTICO E NUOVO TESTAMENTO.
650 ## - SUBJECT ADDED ENTRY--TOPICAL TERM
Topical term or geographic name as entry element ASCETICA E MISTICA
942 ## - ADDED ENTRY ELEMENTS (KOHA)
Koha item type RIVISTA
957 ## -
-- 1
999 ## - SYSTEM CONTROL NUMBERS (KOHA)
-- 1
Dati di copia
Withdrawn status Lost status Damaged status Not for loan Home library Current library Date acquired Total Checkouts Full call number Date last seen Price effective from Koha item type Public note
    Buone Condizioni Not For Loan ALBA - Biblioteca ALBA - Biblioteca 16/01/2017   R248-R3445 16/01/2017 16/01/2017 RIVISTA (data import: 16 gennaio 2017) - By Epidotti, Vaglietti.
CREDITS: SOCIETA' SAN PAOLO Via A.Severo, 58 - ROMA (RM) & PERIODICI SAN PAOLO SRL Via Giotto, 36 MILANO & CISF Via Giotto, 36 MILANO & EDIZIONI SAN PAOLO SRL,  Piazza Soncino, 5 CINISELLO BALSAMO (MI) -- ITALY